000 00761nam a2200217Ia 4500
005 20241129105907.0
008 241129s9999||||xx |||||||||||||| ||und||
020 _a978-93-87809-89-5
037 _aTB
040 _aARTS
_bhin
_cARTS
041 _ahin
_2hin
084 _aNW44 152Q9
_qARTS
100 _aरचना सिंह, संपा.
245 0 _aभारतीय सिनेमा: वर्जना से विमर्श तक
_cरचना सिंह, संपा.
260 _aनई दिल्ली, भारत
_bकौटिल्य बुक्स
_c2020
300 _a239पृ0
365 _aINR
_b650
650 _aArtsMotion Pictures
_9726591
942 _cTB
_hNW44 152Q9
999 _c1226473
_d1226473